| 000 | 00358nam a22001457a 4500 | ||
|---|---|---|---|
| 999 |
_c15626 _d15626 |
||
| 003 | OSt | ||
| 008 | 190522b ||||| |||| 00| 0 eng d | ||
| 020 | _a9789387642683 | ||
| 082 |
_a664.02 _bLET/FA |
||
| 100 |
_aLetsola, S _94111 |
||
| 245 | _aFarm, Dairy and Food Machinery | ||
| 260 |
_aNew Delhi _bAgri Horti Press _c2018 |
||
| 300 | _a252 p. | ||
| 942 | _cBK | ||